|
|
|
|
| LEADER |
00000nam0a2200000 4500 |
| 001 |
313844 |
| 005 |
20231102002622.0 |
| 035 |
|
|
|a (RuTPU)RU\TPU\book\339235
|
| 090 |
|
|
|a 313844
|
| 100 |
|
|
|a 20160203d1912 m y0rusy50 ca
|
| 101 |
1 |
|
|a rus
|c fre
|
| 102 |
|
|
|a RU
|
| 105 |
|
|
|a a j 000zy
|
| 200 |
1 |
|
|a К звездам. Популярный курс астрономии
|f Г. Мильошо
|g под ред. В. В. Битнера ; пер. с франц. И. В. Горкина
|
| 210 |
|
|
|a Санкт-Петербург
|c Издательство "Вестник Знания"
|d 1912
|
| 215 |
|
|
|a 143 с.
|c ил.
|
| 300 |
|
|
|a Текст в русской дореформенной орфографии
|
| 317 |
|
|
|5 63413507: М-132846
|a Поступила в НТБ в 1970 г. в составе книжного собрания профессора ТПИ И. Н. Бутакова
|
| 606 |
1 |
|
|a Солнечная система
|2 stltpush
|3 (RuTPU)RU\TPU\subj\67348
|9 83191
|
| 610 |
1 |
|
|a астрономия
|
| 610 |
1 |
|
|a Земля
|
| 610 |
1 |
|
|a Вселенная
|
| 610 |
1 |
|
|a звезды
|
| 610 |
1 |
|
|a планеты
|
| 610 |
1 |
|
|a обсерватории
|
| 610 |
1 |
|
|a научно-популярная литература
|
| 610 |
1 |
|
|a библиотека И. Н. Бутакова
|
| 675 |
|
|
|a 523
|v 4
|
| 700 |
|
1 |
|a Мильошо
|b Г.
|
| 702 |
|
1 |
|a Битнер
|b В. В.
|4 340
|
| 702 |
|
1 |
|a Горкин
|b И. В.
|4 730
|
| 801 |
|
1 |
|a RU
|b 63413507
|c 20160203
|
| 801 |
|
2 |
|a RU
|b 63413507
|c 20190806
|g RCR
|
| 942 |
|
|
|c BK
|